000 00350nam a2200145Ia 4500
008 240624s9999 xx 000 0 und d
041 _aeng
082 _a658.8342 BET
100 _aBETTMAN JAMES R
245 _aLEGENDS IN CONSUMER BEHAVIOR
260 _c2016
_aNew Delhi
_bSage
300 _axlvi, 366 p.; 23 cm.
365 _cRS
_b32
440 _v6
999 _c30367
_d30367